Eseje o nevolnosti v době pozdní a pozdější

Podrobná bibliografia
Hlavní autori: Beneš, Ondřej, 1969- (Autor), Ševčík, Oldřich (Autor)
Médium: Článok
Jazyk:slovenčina
čeština
Fyzický popis:Obr.
ISSN:1335-3268
Predmet:

MARC

LEADER 00000nab a2200000 ar4500
001 vtls009339399
003 SK-MaSNL
005 20260304233052.0
008 080929c2008 xo mr|p|||||||000 b|slo
015 |a SNBRB2008/09  |2 snkbucl 
038 |a SNKBUCL 
040 |a SNKBUCL  |b slo  |c SNKBUCL  |e AACR2 
041 0 |a cze 
044 |a xo  |c SK 
080 |a 316.42  |x (048)  |2 2001 
080 |a 304.3"19/20"  |x (048)  |2 2001 
080 |a 316.72/.75  |x (048)  |2 2001 
100 1 |a Beneš, Ondřej,  |d 1969-  |4 aut  |9 239451 
245 1 0 |a Eseje o nevolnosti v době pozdní a pozdější  |c Ondřej Beneš, Oldřich Ševčík 
300 |b Obr. 
650 0 7 |a globálne problémy  |2 snkbucl  |9 3927 
650 0 7 |a postmodernizmus  |2 snkbucl  |9 4085 
650 0 7 |a globalizácia  |2 snkbucl  |9 3615 
650 0 7 |a multikulturalizmus  |2 snkbucl  |9 4941 
650 0 7 |a sociálna zmena  |2 snkbucl  |9 3614 
655 7 |a recenzie  |2 snkbucl  |9 21907 
655 7 |a eseje  |2 snkbucl  |9 57030 
700 1 |a Ševčík, Oldřich  |4 aut  |9 419989 
773 0 |t ARCH  |g Roč. 13, č. 7-8 (2008), s. 69  |x 1335-3268 
787 0 8 |i Rec.:  |a Bělohradský, Václav, 1944-  |t Společnost nevolnosti  |d Praha : Sociologické nakladatelství SLON, 2007  |z 9788086429809 
852 |a SNK  |b KIS3GCP 
958 |a RC 
958 |a CZ 
999 |c 3197096  |d 3199026